Library Banner

Principles of human nutrition / (Record no. 134551)

MARC details
000 -LEADER
fixed length control field 00537nam a2200205 4500
005 - DATE AND TIME OF LATEST TRANSACTION
control field 20240723111453.0
008 - FIXED-LENGTH DATA ELEMENTS--GENERAL INFORMATION
fixed length control field 240723b |||||||| |||| 00| 0 eng d
020 ## - INTERNATIONAL STANDARD BOOK NUMBER
International Standard Book Number 9780632058112
040 ## - CATALOGING SOURCE
Transcribing agency PK-LaUMT
082 ## - DEWEY DECIMAL CLASSIFICATION NUMBER
Classification number 612.3
Item number EAS-P
100 ## - MAIN ENTRY--PERSONAL NAME
Personal name Eastwood,Martin
245 ## - TITLE STATEMENT
Title Principles of human nutrition /
Statement of responsibility, etc by Martin Eastwood
250 ## - EDITION STATEMENT
Edition statement 2nd ed.
260 ## - PUBLICATION, DISTRIBUTION, ETC. (IMPRINT)
Place of publication, distribution, etc Malden :
Name of publisher, distributor, etc Blackwell Science,
Date of publication, distribution, etc 2003
300 ## - PHYSICAL DESCRIPTION
Extent 680 p.
650 ## - SUBJECT ADDED ENTRY--TOPICAL TERM
Topical term or geographic name as entry element Human nutrition
650 ## - SUBJECT ADDED ENTRY--TOPICAL TERM
Topical term or geographic name as entry element Lipids
650 ## - SUBJECT ADDED ENTRY--TOPICAL TERM
Topical term or geographic name as entry element Metabolism
942 ## - ADDED ENTRY ELEMENTS (KOHA)
Koha item type Books
Holdings
Withdrawn status Lost status Damaged status Home library Current library Date acquired Full call number Barcode Date last seen Price effective from Koha item type
      UMT Health Sciences Campus UMT Health Sciences Campus 2024-07-23 612.3 EAS-P 147082 2024-07-23 2024-07-23 Books